000 00331nam a2200133Ia 4500
008 151001s9999||||xx |||||||||||||| ||und||
100 _aअना पोलीतकोव
245 _aए रशीयन डायरी
250 _a1
260 _bक्ष
260 _c2011
300 _a300
365 _b21
999 _c997343
_d997340